000 00396nam a2200169Ia 4500
003 OSt
005 20251204114206.0
008 250729s1993 xx 000 0 und d
040 _cAL
041 _akan
082 _a020.2 VIKV
245 _aವಿಜ್ನಾನ ಭಾಗ -2
260 _aಬೆಂಗಳೂರು
_c1993
300 _a53p
650 _aScience
_9225582
942 _2ddc
_cBED
999 _c236987
_d236987